000 00783cam a2200217 4500
001 WB3914-11
008 030409n2003 000 0 eng u
035 _a(Sirsi) u121939
245 _aOver grazing blamed for flooding
260 _c2003
490 _aFarmers' Weekly
_v138(14) 4 April 2003, 10(1)
520 _aA University of Leeds research project claims that over grazing and changes in field drainage and land management are to blame for increased flooding rather than a rise in rainfall. University of Leeds School of Geography at www.geog.leeds.ac.uk/research.
590 _aWB
650 _aGRAZING
650 _aLAND MANAGEMENT
650 _aFLOODING
650 _aFARMING
650 _aRAINFALL
690 _aENVIRONMENTAL AND LAND CONSULTANCY
942 _n0
999 _c72472
_d72472